Most famous islands - Statistics

General Stats
  • This quiz has been taken 37 times
  • The average score is 16 of 37
Answer Stats
Hint Answer % Correct
Wales is here Great Britain
94%
Most famous African island Madagascar
94%
Has many buildings build by the dutch Sri Lanka
94%
Famous for a missile chrisis Cuba
84%
In Japan Honshu
84%
Is sayd to be its very own contitent Australia
81%
Most populated island Java
75%
Has only two countries in them Hispaniola
72%
In Philippines Luzon
69%
One of the most powerful islands in the world Taiwan
69%
In Italy Sicily
63%
In Italy Sardinia
56%
One country plans to move their capital here Borneo
53%
One of the largest islands in the Caribbean Jamaica
53%
Second largest island in the world Greenland
50%
Famous but not so warm tourist destination Iceland
50%
In Spain Mallorca
47%
In Hawaii Maui
47%
Has the most powerful Passport together with Japan Singapore
44%
Has a population of 60 000 000 Sumatra
44%
Famous for tourists and immigrants Malta
38%
In Philippines Mindanao
34%
Famous tourist destination Bali
28%
Famous tourist destination Ibiza
28%
In China Hainan
25%
Third smallest country in the world Nauru
22%
Famous Caribbean island Trinidad and Tobago
22%
Only has two countries innit New Guinea
19%
Mostly famous cuz of a water brand Fiji
16%
In India Salsette
13%
Famous island in the Scotland Skye
13%
Famous cuz its name is very similar to a famous island chain Havaji
3%
In Hawaii Kauaii
3%
Owned by the New Zealand Northern island
3%
Famous Caribbean island Saint Kitts
3%
Owned by the new Zealand Southern island
3%
Napeleon was born her France
0%
No matching quizzes found
Score Distribution
Percent of People with Each Score
Percentile by Number Answered
Your Score History
You have not taken this quiz